000
00254nam a2200109Ia 4500
008
190216s9999||||xx |||||||||||||| ||und||
100
_a
Srinivasan A V
245
0
_a
Critical Path Analysis
260
_b
East-West Press
_c
1976
300
_a
128p
942
_c
BK
999
_c
5298
_d
5298